00791cam a22002291 4500001001300000003000400013005001700017008004100034010001700075035001800092040001800110042001200128050001500140100003200155245021700187260003900404300002700443504003000470650001500500700002900515999001700544sa 68018064 DLC20260227112708.0720728s1968 xx 000 0 ind  asa 68018064  a(OCoLC)368332 aDLCcOAUdDLC apremarc00aHX44b.A231 aAbidin, Andi Zainal,d1926-10aBahaja komunisme;bkepalsuan ideologi dan politiknja, kebengisan strategi, taktik dan propagandanja, fakta-faktanja diseluruh duniac[oleh] A. Z. Abidin [dan] Baharuddin Lopa. Prakata: Soeharto [dan] Soegih Arto. aDjakarta,b"Bulan Bintang,"c1968. a256 p.bports.c21 cm. aBibliography: p. 250-252. 0aCommunism.1 aLopa, Baharuddin,d1934- c88152d88152